[Event "Fall tournament"]
[Site "SchemingMind.com"]
[Date "2014.09.20"]
[Round "-"]
[White "Eric111"]
[Black "Alan Whitham"]
[Result "1-0"]
[WhiteCountry "USA"]
[BlackCountry "ENG"]
[WhiteElo "1465"]
[WhiteRD "47"]
[BlackElo "1512"]
[BlackRD "51"]
[GameID "364841"]

1. c4 e5 2. Nc3 Nc6 3. d3 Nf6 4. g3 Bb4 5. Bg2 O-O 6. Qc2 d6 7. Nf3 Be6 8. h3 Qd7 9. O-O Bxh3 10. Bd2 Bxg2
11. Kxg2 Nd4 12. Qc1 Bxc3 13. Bxc3 Nxe2 14. Qd2 Nd4 15. Bxd4 exd4 16. Nxd4 c5 17. Nf3 Rfe8 18. Rh1 d5 19. b3 b5 20. Qc2 dxc4
21. dxc4 b4 22. Ng5 Qc6+ 23. Kg1 h6 24. Nh3 Qf3 25. Qc1 Ng4 26. Qf1 Re2 27. Qg2 Qxg2+ 28. Kxg2 Nf6 29. Rhe1 Rae8 30. Kf1 Rxe1+
31. Rxe1 Rc8 32. Nf4 Kh8 33. Re7 Ra8 34. Rxf7
1-0

[Event "Fall tournament"]
[Site "SchemingMind.com"]
[Date "2014.09.20"]
[Round "-"]
[White "Alan Whitham"]
[Black "Eric111"]
[Result "1/2-1/2"]
[WhiteCountry "ENG"]
[BlackCountry "USA"]
[WhiteElo "1512"]
[WhiteRD "51"]
[BlackElo "1465"]
[BlackRD "47"]
[GameID "364842"]

1. e4 c6 2. d4 d5 3. Nc3 dxe4 4. Nxe4 Bf5 5. Nc3 Nf6 6. Nf3 e6 7. Bg5 Be7 8. Be2 O-O 9. O-O Nbd7 10. a3 b5
11. b4 h6 12. Bxf6 Bxf6 13. Bd3 Bxd3 14. Qxd3 Nb6 15. Na2 Nd5 16. c4 bxc4 17. Qxc4 Qc7 18. Rac1 Rac8 19. b5 cxb5 20. Qxb5 Qb6
21. Qd3 Rfd8 22. Rb1 Qd6 23. Nb4 Nf4 24. Qd1 Bxd4 25. Nxd4 Qxd4 26. Qf3 Qf6 27. Rfd1 Rxd1+ 28. Rxd1 a5 29. Nd3 Nxd3 30. Qxd3 Qe7
31. Qa6 Qc5 32. g3 Qc7 33. Qd3 Qe7=
1/2-1/2

[Event "Fall tournament"]
[Site "SchemingMind.com"]
[Date "2014.09.25"]
[Round "-"]
[White "Marc Wakeham"]
[Black "Eric111"]
[Result "0-1"]
[WhiteCountry "WLS"]
[BlackCountry "USA"]
[WhiteElo "1534"]
[WhiteRD "61"]
[BlackElo "1483"]
[BlackRD "46"]
[GameID "365011"]

1. e4 c5 2. c3 Nf6 3. e5 Nd5 4. d4 cxd4 5. Nf3 Nc6 6. Bc4 Nb6 7. Bb3 g6 8. O-O Bg7 9. Re1 e6 10. Bf4 dxc3
11. Nxc3 O-O 12. Nb5 a6 13. Nd6 Na5 14. Bc2 Nbc4 15. Nxc8 Rxc8 16. Be4 Nxb2 17. Qd2 Nbc4 18. Qe2 b5 19. Bd3 d6 20. Rac1 dxe5
21. Bg3 Nc6 22. Bxc4 bxc4 23. Rxc4 Nd4 24. Nxd4 exd4 25. Rxc8 Qxc8 26. Rd1 Rd8 27. Bh4 Rd7 28. h3 a5 29. Qf3 Qc4 30. a3 a4
31. Bf6 Bxf6 32. Qxf6 d3 33. Qb2 Qb3 34. Qxb3 axb3 35. a4 d2 36. a5 b2 37. a6 Ra7 38. Kh2 Rxa6
0-1

[Event "Fall tournament"]
[Site "SchemingMind.com"]
[Date "2014.09.25"]
[Round "-"]
[White "Eric111"]
[Black "Marc Wakeham"]
[Result "1/2-1/2"]
[WhiteCountry "USA"]
[BlackCountry "WLS"]
[WhiteElo "1483"]
[WhiteRD "46"]
[BlackElo "1534"]
[BlackRD "61"]
[GameID "365012"]

1. d4 Nf6 2. c4 g6 3. Nc3 d5 4. cxd5 Nxd5 5. Nf3 Bg7 6. e4 Nxc3 7. bxc3 O-O 8. Be2 c5 9. Bb2 cxd4 10. cxd4 Bd7
11. O-O Bc6 12. Bd3 a6 13. Rb1 b5 14. d5 Bb7 15. Bxg7 Kxg7 16. a4 Nd7 17. axb5 Nc5 18. bxa6 Bxa6 19. Bxa6 Rxa6 20. Qd4+ Kg8
21. Qxc5 Rd6 22. Ne5 f6 23. Nc6 Qd7 24. Qa7 Qxa7 25. Nxa7 Ra8 26. Nb5 Rb6 27. Rb2 Rab8 28. Rfb1 Kg7 29. Kf1 Kf7 30. Ke2 e5
31. Kd3 Ke7 32. Kc4 Rc8+ 33. Kb4 Rcb8 34. Ka5 Kd7 35. Ka4 Ra8+ 36. Kb4 Rab8 37. Kc5 h6 38. Kc4 Rc8+ 39. Kb4=
1/2-1/2

[Event "Fall tournament"]
[Site "SchemingMind.com"]
[Date "2014.09.25"]
[Round "-"]
[White "Marc Wakeham"]
[Black "Alan Whitham"]
[Result "0-1"]
[WhiteCountry "WLS"]
[BlackCountry "ENG"]
[WhiteElo "1534"]
[WhiteRD "61"]
[BlackElo "1521"]
[BlackRD "51"]
[GameID "365013"]

1. e4 e5 2. Nf3 d6 3. d4 exd4 4. Nxd4 Nf6 5. Nc3 Be7 6. Bc4 O-O 7. O-O c6 8. Bg5 b5 9. Bd3 h6 10. Bh4 Bg4
11. Nde2 a6 12. Qd2 c5 13. Nc1 c4 14. Be2 Bxe2 15. N1xe2 Nc6 16. Nd4 Nxd4 17. Qxd4 Qc7 18. Bg3 Qc6 19. Rad1 Rfd8 20. Kh1 Rd7
21. f4 Nh5 22. Qe3 Nxg3+ 23. Qxg3 f6 24. Nd5 Re8 25. Rfe1 Bd8 26. c3 Kh7 27. f5 Re5 28. Qg6+ Kg8 29. Re3 Qc5 30. Rh3 Kf8
31. Re1 Rf7 32. g4 Qf2 33. Rb1 Rxe4 34. Rxh6 Qf3+ 35. Kg1 Rxg4+
0-1

[Event "Fall tournament"]
[Site "SchemingMind.com"]
[Date "2014.09.25"]
[Round "-"]
[White "Alan Whitham"]
[Black "Marc Wakeham"]
[Result "1-0"]
[WhiteCountry "ENG"]
[BlackCountry "WLS"]
[WhiteElo "1521"]
[WhiteRD "51"]
[BlackElo "1534"]
[BlackRD "61"]
[GameID "365014"]

1. e4 d6 2. d4 Nf6 3. Nc3 g6 4. Be3 Bg7 5. Qd2 O-O 6. O-O-O c6 7. f3 b5 8. g4 a5 9. h4 b4 10. Na4 Bb7
11. Bh6 Qd7 12. h5 gxh5 13. Bxg7 Kxg7 14. Nb6 Qc7 15. Nxa8 Bxa8 16. g5 Ng8 17. Rxh5 e5 18. Qh2 Re8 19. Rxh7+ Kf8 20. Rh8 Ke7
21. g6 Kd8 22. dxe5 Kc8 23. Qh7
1-0

[Event "Fall tournament"]
[Site "SchemingMind.com"]
[Date "2014.10.01"]
[Round "-"]
[White "Marc Wakeham"]
[Black "Scooter"]
[Result "1-0"]
[WhiteCountry "WLS"]
[BlackCountry "USA"]
[WhiteElo "1534"]
[WhiteRD "61"]
[BlackElo "1752"]
[BlackRD "44"]
[GameID "366197"]

1. e4 c6 2. d4 d5 3. Nc3 dxe4 4. f3 Nf6 5. Bg5 Nbd7 6. Qd2 exf3 7. Nxf3 h6 8. Bh4 e6 9. O-O-O Be7 10. Ne5 O-O
11. Bc4 Nd5 12. Nxd5 cxd5 13. Bxe7 Qxe7 14. Bd3 Nxe5 15. dxe5 Qg5 16. Qxg5 hxg5 17. g4 g6 18. h4 Kg7 19. hxg5 Rh8 20. Rxh8 Kxh8
21. Bb5 a6 22. Be8 Kg7 23. Rf1
1-0

[Event "Fall tournament"]
[Site "SchemingMind.com"]
[Date "2014.10.01"]
[Round "-"]
[White "Scooter"]
[Black "Marc Wakeham"]
[Result "1-0"]
[WhiteCountry "USA"]
[BlackCountry "WLS"]
[WhiteElo "1752"]
[WhiteRD "44"]
[BlackElo "1534"]
[BlackRD "61"]
[GameID "366198"]

1. d4 Nf6 2. Nf3 g6 3. Bf4 d6 4. e3 Bg7 5. Be2 O-O 6. O-O h6 7. h3 Bd7 8. Nbd2 Bc6 9. c4 a6 10. Rc1 b5
11. d5 Bd7 12. b3 c5 13. e4 Ne8 14. e5 b4 15. exd6 Nxd6 16. Bxd6 exd6 17. Ne4 Bf5 18. Bd3 Re8 19. Re1 Nd7 20. Nxd6 Rxe1+
21. Nxe1 Bxd3 22. Nxd3 Bd4 23. Qf3 Qf6 24. Qxf6 Bxf6 25. Nb7 Bd4 26. Re1 Kg7 27. Re7 Nf6 28. Nbxc5 Bxc5 29. Nxc5 a5 30. d6 Kf8
31. Nd7+ Nxd7 32. Rxd7 a4 33. Rc7 axb3 34. axb3 Rd8 35. c5 Ke8 36. g4 g5 37. Kg2
1-0

[Event "Fall tournament"]
[Site "SchemingMind.com"]
[Date "2014.10.01"]
[Round "-"]
[White "Eric111"]
[Black "Scooter"]
[Result "0-1"]
[WhiteCountry "USA"]
[BlackCountry "USA"]
[WhiteElo "1483"]
[WhiteRD "46"]
[BlackElo "1752"]
[BlackRD "44"]
[GameID "366199"]

1. c4 Nf6 2. Nc3 g6 3. d4 Bg7 4. e4 d6 5. f4 Bg4 6. Be2 Bxe2 7. Qxe2 O-O 8. Nf3 Nbd7 9. O-O Re8 10. e5 dxe5
11. dxe5 Ng4 12. h3 Nh6 13. g4 e6 14. Nd4 c5 15. Nc2 a6 16. Ne3 f5 17. gxf5 Nxf5 18. Nxf5 exf5 19. Rd1 Qc7 20. Nd5 Qc6
21. Be3 Rad8 22. Qg2 Qc8 23. h4 b6 24. Qg5 Bf8 25. h5 Re6 26. Kg2 b5 27. b3 Rde8 28. Rh1 Qb7 29. Qh4 Nb6 30. Kf2 bxc4
31. Nf6+ Rxf6 32. exf6 Rxe3 33. Kxe3 Qg2 34. hxg6 Nd5#
0-1

[Event "Fall tournament"]
[Site "SchemingMind.com"]
[Date "2014.10.01"]
[Round "-"]
[White "Scooter"]
[Black "Eric111"]
[Result "1-0"]
[WhiteCountry "USA"]
[BlackCountry "USA"]
[WhiteElo "1752"]
[WhiteRD "44"]
[BlackElo "1483"]
[BlackRD "46"]
[GameID "366200"]

1. d4 d5 2. Nf3 c6 3. Bf4 Bf5 4. e3 e6 5. Bd3 Bxd3 6. Qxd3 Nf6 7. O-O Be7 8. Nbd2 O-O 9. c4 dxc4 10. Nxc4 b5
11. Ncd2 Nbd7 12. Rac1 Qb6 13. a3 a5 14. Ne5 Nxe5 15. Bxe5 Rfd8 16. Ne4 Nxe4 17. Qxe4 Bd6 18. Rxc6 Qb8 19. Rxd6 Rxd6 20. Bxd6 Qxd6
21. Qxa8+
1-0

[Event "Fall tournament"]
[Site "SchemingMind.com"]
[Date "2014.10.01"]
[Round "-"]
[White "Scooter"]
[Black "Alan Whitham"]
[Result "1-0"]
[WhiteCountry "USA"]
[BlackCountry "ENG"]
[WhiteElo "1752"]
[WhiteRD "44"]
[BlackElo "1521"]
[BlackRD "51"]
[GameID "366201"]

1. d4 d5 2. Nf3 Nc6 3. Bf4 Nf6 4. e3 e6 5. Bb5 Bd6 6. Bxd6 Qxd6 7. c3 Bd7 8. O-O O-O 9. Nbd2 a6 10. Bxc6 Bxc6
11. h3 b5 12. Re1 Ne4 13. Qc2 Nxd2 14. Qxd2 Bb7 15. b3 c5 16. Rad1 c4 17. Qc2 a5 18. bxc4 f6 19. cxb5 a4 20. Rb1 a3
21. Rb3 h6 22. Reb1 Qb6 23. Qc1 Qa5 24. Ne1 Rfc8 25. Nd3 Rc4 26. Nc5 Rb8 27. Rxa3 Qd8 28. Nxe6 Qe7 29. Nc5 Qd6 30. Nxb7 Rxb7
31. Ra8+ Rb8 32. Rxb8+ Qxb8 33. Qb2 Qb6 34. Qb3 Kf8 35. a4 Qa5 36. Qxc4
1-0

[Event "Fall tournament"]
[Site "SchemingMind.com"]
[Date "2014.10.02"]
[Round "-"]
[White "Alan Whitham"]
[Black "Scooter"]
[Result "1-0"]
[WhiteCountry "ENG"]
[BlackCountry "USA"]
[WhiteElo "1521"]
[WhiteRD "51"]
[BlackElo "1752"]
[BlackRD "44"]
[GameID "366202"]

1. e4 c6 2. d4 d5 3. e5 Bf5 4. Nf3 e6 5. Nc3 Nd7 6. Be2 c5 7. O-O cxd4 8. Nxd4 Nxe5 9. Bb5+ Nd7 10. Nxf5 exf5
11. Re1+ Be7 12. Nxd5 a6 13. Bxd7+ Qxd7 14. Bf4 O-O-O 15. Nb6#
1-0

[Event "Fall tournament"]
[Site "SchemingMind.com"]
[Date "2014.10.01"]
[Round "-"]
[White "Marc Wakeham"]
[Black "Ramesh Panwar"]
[Result "0-1"]
[WhiteCountry "WLS"]
[BlackCountry "IND"]
[WhiteElo "1534"]
[WhiteRD "61"]
[BlackElo "2162"]
[BlackRD "60"]
[GameID "366291"]

1. e4 e5 2. Nf3 Nc6 3. d4 exd4 4. c3 dxc3 5. Nxc3 Nf6 6. Bc4 Bd6 7. O-O O-O 8. Re1 Ne5 9. Nxe5 Bxe5 10. Qb3 c6
11. Bg5 h6 12. Be3 Ng4 13. h3 Nxe3 14. Rxe3 b5 15. Be2 d6 16. Rd3 Be6 17. Qc2 Qg5 18. Bf1 f5 19. Qc1 Qxc1 20. Rxc1 b4
21. Nd1 fxe4 22. Rd2 Rac8 23. Ne3 Bxa2 24. Ra1 Be6 25. Rxa7 d5 26. Be2 Ra8 27. Rxa8 Rxa8 28. Bd1 Ra1 29. g4 Rb1 30. Kg2 Rxb2
31. Rxb2 Bxb2 32. Ba4 c5 33. Bc6 d4 34. Nd1 Bc1 35. Bxe4 Bb3 36. Bf3 c4 37. Kf1 c3 38. Ke1 Bd2+
0-1

[Event "Fall tournament"]
[Site "SchemingMind.com"]
[Date "2014.10.02"]
[Round "-"]
[White "Ramesh Panwar"]
[Black "Marc Wakeham"]
[Result "1-0"]
[WhiteCountry "IND"]
[BlackCountry "WLS"]
[WhiteElo "2162"]
[WhiteRD "60"]
[BlackElo "1534"]
[BlackRD "61"]
[GameID "366292"]

1. d4 Nf6 2. Nf3 g6 3. c4 Bg7 4. Nc3 O-O 5. e4 d6 6. Be2 Bg4 7. O-O c5 8. dxc5 dxc5 9. Be3 b6 10. h3 Bc8
11. Qc2 Nc6 12. Rad1 Qe8 13. Nb5 Rb8 14. Nc7
1-0

[Event "Fall tournament"]
[Site "SchemingMind.com"]
[Date "2014.10.02"]
[Round "-"]
[White "Eric111"]
[Black "Ramesh Panwar"]
[Result "0-1"]
[WhiteCountry "USA"]
[BlackCountry "IND"]
[WhiteElo "1483"]
[WhiteRD "46"]
[BlackElo "2162"]
[BlackRD "60"]
[GameID "366293"]

1. c4 e5 2. Nc3 Nc6 3. d3 Nf6 4. g3 d5 5. cxd5 Nxd5 6. Bg2 Be6 7. a3 Bc5 8. b4 Nxc3 9. Qc2 Bd4 10. e3 Bd5
11. Nf3 Nb5 12. exd4 Ncxd4 13. Qd1 Nc3 14. Qd2 Bxf3 15. Qxc3 Bxg2
0-1

[Event "Fall tournament"]
[Site "SchemingMind.com"]
[Date "2014.10.02"]
[Round "-"]
[White "Ramesh Panwar"]
[Black "Eric111"]
[Result "1-0"]
[WhiteCountry "IND"]
[BlackCountry "USA"]
[WhiteElo "2162"]
[WhiteRD "60"]
[BlackElo "1483"]
[BlackRD "46"]
[GameID "366294"]

1. d4 d5 2. Nc3 Bf5 3. f3 Nf6 4. g4 Bc8 5. g5 Nfd7 6. Nxd5 e6 7. Nc3 Bb4 8. e4 b6 9. Ne2 Bb7 10. a3 Be7
11. f4 f6 12. Ng3 fxg5 13. Bc4 gxf4 14. Bxf4 Bg5 15. Qh5+ g6 16. Qxg5 Qxg5 17. Bxg5
1-0

[Event "Fall tournament"]
[Site "SchemingMind.com"]
[Date "2014.10.02"]
[Round "-"]
[White "Scooter"]
[Black "Ramesh Panwar"]
[Result "0-1"]
[WhiteCountry "USA"]
[BlackCountry "IND"]
[WhiteElo "1752"]
[WhiteRD "44"]
[BlackElo "2162"]
[BlackRD "60"]
[GameID "366295"]

1. d4 d5 2. Nf3 Nf6 3. Bf4 e6 4. e3 Bd6 5. Bxd6 Qxd6 6. c3 O-O 7. Nbd2 c5 8. Be2 Nc6 9. O-O e5 10. Nxe5 Nxe5
11. dxe5 Qxe5 12. Nf3 Qc7 13. Rc1 Bf5 14. Nh4 Bd7 15. Nf3 h6 16. Qb3 Bf5 17. Nh4 Be4 18. Bf3 Bd3 19. Rfe1 c4
0-1

[Event "Fall tournament"]
[Site "SchemingMind.com"]
[Date "2014.10.02"]
[Round "-"]
[White "Ramesh Panwar"]
[Black "Scooter"]
[Result "1-0"]
[WhiteCountry "IND"]
[BlackCountry "USA"]
[WhiteElo "2162"]
[WhiteRD "60"]
[BlackElo "1752"]
[BlackRD "44"]
[GameID "366296"]

1. c4 Nf6 2. Nc3 g6 3. d4 Bg7 4. e4 d6 5. Nf3 Bg4 6. Be2 O-O 7. O-O Bxf3 8. Bxf3 e5 9. d5 Nbd7 10. Be3 a5
11. Qb3 b6 12. Qc2 Rb8 13. a3 Nc5 14. b4 axb4 15. axb4 Ncd7 16. Nb5 Kh8 17. Ra7 Rc8 18. Rfa1 Ng8 19. Bg4 Ngf6 20. Bg5 h6
21. Bxf6 Bxf6 22. Nxd6 cxd6 23. Rxd7
1-0

[Event "Fall tournament"]
[Site "SchemingMind.com"]
[Date "2014.10.01"]
[Round "-"]
[White "Alan Whitham"]
[Black "Ramesh Panwar"]
[Result "0-1"]
[WhiteCountry "ENG"]
[BlackCountry "IND"]
[WhiteElo "1521"]
[WhiteRD "51"]
[BlackElo "2162"]
[BlackRD "60"]
[GameID "366297"]

1. e4 e5 2. Nf3 Nc6 3. Bb5 Nf6 4. Nc3 Bb4 5. O-O O-O 6. a3 Bxc3 7. dxc3 Nxe4 8. Bxc6 dxc6 9. Qe2 Bf5 10. Nxe5 Re8
11. Nf3 Ng3
0-1

[Event "Fall tournament"]
[Site "SchemingMind.com"]
[Date "2014.10.03"]
[Round "-"]
[White "Marc Wakeham"]
[Black "kenneth m day"]
[Result "0-1"]
[WhiteCountry "WLS"]
[BlackCountry "USA"]
[WhiteElo "1521"]
[WhiteRD "72"]
[BlackElo "1712"]
[BlackRD "48"]
[GameID "366306"]

1. e4 e5 2. Nf3 Nc6 3. d4 exd4 4. c3 Nf6 5. Bd3 d6 6. O-O Be7 7. Bg5 dxc3 8. Nxc3 O-O 9. a3 h6 10. Bh4 Bg4
11. h3 Bh5 12. Be2 Qd7 13. Re1 Bg6 14. Nd2 Rfe8 15. Bb5 a6 16. Ba4 b5 17. Bb3 Nd4 18. Ba2 Bh5 19. Qb1 c5 20. Nd5 Nxd5
21. Bxe7 Nxe7 22. Qd3 Nec6 23. Qc3 Ne5 24. Kh1 Qe7 25. Nb3 Rac8 26. Nxd4 cxd4 27. Qxd4 Red8 28. Bd5 Bg6 29. f4 Nc6 30. Qe3 Qh4
31. Rac1 Ne7 32. Bb7 Rxc1 33. Rxc1 a5 34. f5 Bh5 35. Rf1 Qf6 36. Qb6 Rb8 37. Qa7 Re8 38. Qxa5 Qxb2 39. Rg1 Be2 40. f6 Qxf6
41. Re1 Bd3 42. Qb4 Ng6 43. Bd5 Qf2
0-1

[Event "Fall tournament"]
[Site "SchemingMind.com"]
[Date "2014.10.02"]
[Round "-"]
[White "kenneth m day"]
[Black "Marc Wakeham"]
[Result "1-0"]
[WhiteCountry "USA"]
[BlackCountry "WLS"]
[WhiteElo "1657"]
[WhiteRD "51"]
[BlackElo "1534"]
[BlackRD "67"]
[GameID "366307"]

1. e4 d6 2. c4 Nf6 3. Nc3 g6 4. d4 Bg7 5. Be3 O-O 6. Nf3 Bg4 7. Be2 Nbd7 8. O-O c5 9. h3 Bxf3 10. Bxf3 Rb8
11. Qd3 cxd4 12. Bxd4 e6 13. Rfe1 Ne8 14. Rad1 Bxd4 15. Qxd4 Nb6 16. b3 a6 17. Qe3 Qc7 18. h4 Ng7 19. Qd4 Rbd8 20. g4 Qc5
21. Qf6 e5 22. h5 Nc8 23. Nd5 Qc6 24. hxg6 fxg6 25. Qh4 Rxf3 26. Qxd8+ Rf8 27. Qg5 Qd7 28. Nf6+
1-0

[Event "Fall tournament"]
[Site "SchemingMind.com"]
[Date "2014.10.03"]
[Round "-"]
[White "Eric111"]
[Black "kenneth m day"]
[Result "0-1"]
[WhiteCountry "USA"]
[BlackCountry "USA"]
[WhiteElo "1468"]
[WhiteRD "48"]
[BlackElo "1712"]
[BlackRD "48"]
[GameID "366308"]

1. c4 g6 2. d4 Bg7 3. Nc3 d6 4. e4 c6 5. f4 Nh6 6. f5 gxf5 7. exf5 Bxf5 8. Bxh6 Bxh6 9. Nf3 Nd7 10. Bd3 Bg4
11. Be2 Qb6 12. b3 Be3 13. Na4 Qb4+ 14. Kf1 Qa5 15. Qd3 Bh6 16. h3 Bh5 17. Qc3 Qc7 18. d5 O-O-O 19. dxc6 Qxc6 20. Qd4 e5
21. Qxa7 Kc7 22. Qa5+ Nb6 23. Kf2 Ra8 24. Qb5 Nxa4 25. Qxc6+ bxc6 26. bxa4 Rxa4 27. g4 Bg6 28. Nh4 Be4 29. Rhe1 c5 30. Nf5 Bf4
31. Red1 Ra6 32. Bd3 Bc6 33. Ne7 Re8 34. Nxc6 Kxc6 35. Bxh7 Rh8 36. Be4+ Kb6 37. Rxd6+ Kc7 38. Rd3 Rd6 39. Rad1 Rhd8 40. Rxd6 Rxd6
41. Ke2 Ra6 42. Ra1 Ra3 43. Bg2 Rc3 44. a4 Rxc4 45. a5 Kb8 46. a6 Ka7 47. Kd3 Rd4+ 48. Kc3 Rb4 49. Bb7 Be3 50. Rf1 Bf4
51. Rd1 Rb6 52. Rd7 f6 53. Rd8 Rb1 54. Ra8+ Kb6 55. Bc8 e4 56. a7 Ra1 57. Kc4 Rxa7 58. Rxa7 Kxa7 59. Kxc5 e3
0-1

[Event "Fall tournament"]
[Site "SchemingMind.com"]
[Date "2014.10.02"]
[Round "-"]
[White "kenneth m day"]
[Black "Eric111"]
[Result "1-0"]
[WhiteCountry "USA"]
[BlackCountry "USA"]
[WhiteElo "1657"]
[WhiteRD "51"]
[BlackElo "1467"]
[BlackRD "49"]
[GameID "366309"]

1. e4 c6 2. c4 d5 3. cxd5 cxd5 4. exd5 Qxd5 5. d4 Nf6 6. Nc3 Qd8 7. Nf3 e6 8. Bd3 Be7 9. O-O O-O 10. Re1 b6
11. Ne5 Bb7 12. Be3 Nc6 13. Nf3 Nb4 14. Be2 a5 15. a3 Nbd5 16. Ne5 Nxe3 17. fxe3 Qc7 18. Rc1 Qb8 19. Rf1 Rd8 20. Bf3 Bxf3
21. Qxf3 Qd6 22. Nb5 Qd5 23. Qe2 Qb7 24. Rc7 Qe4 25. Rxe7 Rf8 26. Nd6
1-0

[Event "Fall tournament"]
[Site "SchemingMind.com"]
[Date "2014.10.03"]
[Round "-"]
[White "Scooter"]
[Black "kenneth m day"]
[Result "1-0"]
[WhiteCountry "USA"]
[BlackCountry "USA"]
[WhiteElo "1759"]
[WhiteRD "48"]
[BlackElo "1712"]
[BlackRD "48"]
[GameID "366310"]

1. d4 g6 2. Nf3 Bg7 3. Bf4 d6 4. e3 Nf6 5. Be2 O-O 6. O-O Nbd7 7. Nbd2 c5 8. c3 Nh5 9. h3 Nxf4 10. exf4 Nf6
11. Re1 Bf5 12. dxc5 dxc5 13. Nc4 Be4 14. Qxd8 Rfxd8 15. Ng5 Bd5 16. Ne5 h6 17. Ngf3 b6 18. Bc4 a6 19. Bxd5 Nxd5 20. Rad1 Nxf4
21. Nc6 Rxd1 22. Rxd1 e6 23. Nfe5 Ne2+ 24. Kf1 Nf4 25. Nd7 Nd5 26. c4 Nf6 27. Nxb6 Re8 28. f3 Nh5 29. b3 Nf4 30. Nd7 Kh7
31. Nxc5 Rc8 32. Nxa6 Rxc6 33. Nb4 Rc7 34. Nc2 e5 35. Ne3 Ne6 36. Nd5 Ra7 37. a4 Nd4 38. Rd3 Rb7 39. b4 Nc2 40. b5 Ra7
41. b6 Rb7 42. c5 Nd4 43. Rc3 Nc6 44. Rb3 Nd4 45. Rb1 Nc6 46. Nb4 Nd4 47. c6 Rxb6 48. c7
1-0

[Event "Fall tournament"]
[Site "SchemingMind.com"]
[Date "2014.10.02"]
[Round "-"]
[White "kenneth m day"]
[Black "Scooter"]
[Result "0-1"]
[WhiteCountry "USA"]
[BlackCountry "USA"]
[WhiteElo "1691"]
[WhiteRD "48"]
[BlackElo "1778"]
[BlackRD "45"]
[GameID "366311"]

1. e4 c6 2. c4 d5 3. cxd5 cxd5 4. exd5 Qxd5 5. d4 Nf6 6. Nc3 Qd8 7. Bg5 Nbd7 8. Nf3 a6 9. Bc4 b5 10. Bb3 Bb7
11. O-O e6 12. Rc1 Be7 13. Re1 O-O 14. Qd3 Nc5 15. Qe3 Nxb3 16. axb3 Bxf3 17. Qxf3 Qxd4 18. Red1 Qe5 19. Bf4 Qh5 20. Qe3 Ng4
21. Qg3 Bh4 22. Qf3 Bxf2+ 23. Kf1 Be3 24. h3 Bxc1 25. hxg4 Qh1+ 26. Ke2 Qh4 27. Bxc1 Rfd8 28. Be3 Rxd1 29. Nxd1 Rc8 30. Nc3 Qf6
31. g5 Qe7 32. Qe4 Qc7 33. Bf4 Qc6 34. Qxc6 Rxc6 35. Ke3 b4 36. Ne4 Rc2 37. g3 Rxb2 38. Nc5 a5 39. Be5 Rb1 40. Kd3 Rf1
41. Kc4 Rf5 42. Bf4 e5 43. Bd2 Rf2 44. Be1 Re2 45. Nd3 e4 46. Bxb4 axb4 47. Nxb4 e3 48. Kd3 Rg2 49. Nc2 e2 50. Ne1 Rxg3+
51. Kxe2 Rxb3 52. Nf3 Kf8 53. Nd4 Rg3 54. Nf3 Ke7 55. Kf2 Rxf3+ 56. Kxf3 Ke6 57. Kf4 f6 58. Kg4 f5+ 59. Kf4 g6 60. Kf3 Ke5
61. Ke3 f4+ 62. Kf3 Kf5 63. Kf2 Kxg5
0-1

[Event "Fall tournament"]
[Site "SchemingMind.com"]
[Date "2014.10.01"]
[Round "-"]
[White "kenneth m day"]
[Black "Alan Whitham"]
[Result "1-0"]
[WhiteCountry "USA"]
[BlackCountry "ENG"]
[WhiteElo "1657"]
[WhiteRD "51"]
[BlackElo "1510"]
[BlackRD "55"]
[GameID "366312"]

1. e4 e5 2. f4 exf4 3. Nf3 d6 4. d4 Nf6 5. Nc3 Be7 6. Bxf4 Nc6 7. e5 dxe5 8. dxe5 Qxd1+ 9. Rxd1 Ng4 10. Be2 Bb4
11. h3 Ne3 12. Bxe3 Bxc3+ 13. bxc3 O-O 14. O-O Be6 15. c4 a6 16. c3 h6 17. Nd4 Nxe5 18. Nxe6 fxe6 19. Bd4 Rxf1+ 20. Rxf1 Ng6
21. Bh5 Nf8 22. Rf7 Rc8 23. Rxg7+
1-0

[Event "Fall tournament"]
[Site "SchemingMind.com"]
[Date "2014.10.01"]
[Round "-"]
[White "Alan Whitham"]
[Black "kenneth m day"]
[Result "0-1"]
[WhiteCountry "ENG"]
[BlackCountry "USA"]
[WhiteElo "1510"]
[WhiteRD "55"]
[BlackElo "1657"]
[BlackRD "51"]
[GameID "366313"]

1. e4 e5 2. Nf3 Nc6 3. Bb5 d6 4. O-O Bd7 5. c3 Nf6 6. d3 Be7 7. a4 a6 8. Bxc6 Bxc6 9. b4 O-O 10. Na3 Qd7
11. c4 Bxa4 12. Qd2 Qg4 13. Bb2 Nh5 14. Kh1 f5 15. h3 Qg6 16. b5 axb5 17. cxb5 Bb3 18. Rfc1 fxe4 19. dxe4 Nf4 20. Rg1 Qxe4
21. Rae1 Qg6 22. Qc3 Be6 23. Qxc7 Bg5 24. Nxg5 Qxg5 25. Qxd6 Rae8 26. Rxe5 Qh4 27. Bd4 Bxh3
0-1

[Event "Fall tournament"]
[Site "SchemingMind.com"]
[Date "2014.10.02"]
[Round "-"]
[White "kenneth m day"]
[Black "Ramesh Panwar"]
[Result "0-1"]
[WhiteCountry "USA"]
[BlackCountry "IND"]
[WhiteElo "1657"]
[WhiteRD "51"]
[BlackElo "2207"]
[BlackRD "52"]
[GameID "366314"]

1. e4 e5 2. f4 exf4 3. Nf3 Be7 4. Nc3 Bh4+ 5. Ke2 d5 6. Nxd5 Bg4 7. Nxf4 Qd4 8. g3 Qxe4+ 9. Kf2 Qxf4 10. d3 Qxf3+
11. Qxf3 Bxf3 12. Kxf3 Be7 13. Bh3 Nc6 14. Re1 Nd4+ 15. Kg2 Nxc2 16. Bf4 Nxa1 17. Rxa1 c6 18. Re1 Nf6 19. Bd6 Nd5
0-1

[Event "Fall tournament"]
[Site "SchemingMind.com"]
[Date "2014.10.03"]
[Round "-"]
[White "Ramesh Panwar"]
[Black "kenneth m day"]
[Result "1-0"]
[WhiteCountry "IND"]
[BlackCountry "USA"]
[WhiteElo "2207"]
[WhiteRD "52"]
[BlackElo "1657"]
[BlackRD "51"]
[GameID "366315"]

1. d4 Nf6 2. Nc3 d5 3. Nf3 g6 4. Bf4 Bg7 5. h3 O-O 6. e3 Nbd7 7. Bd3 c5 8. O-O c4 9. Be2 a6 10. a4 b6
11. b3 Ne8 12. Nxd5 Nd6 13. bxc4 Bb7 14. Qd3 Rc8 15. Qb3 Rc6 16. a5 b5 17. cxb5 Nxb5 18. c4 Nc5 19. Qb4 Nd6 20. dxc5 Bxa1
21. cxd6 Qd7 22. Nxe7+
1-0

[Event "Fall tournament"]
[Site "SchemingMind.com"]
[Date "2014.10.02"]
[Round "-"]
[White "Marc Wakeham"]
[Black "mmccaffe"]
[Result "0-1"]
[WhiteCountry "WLS"]
[BlackCountry "USA"]
[WhiteElo "1534"]
[WhiteRD "61"]
[BlackElo "1695"]
[BlackRD "64"]
[GameID "366319"]

1. e4 c5 2. c3 Nf6 3. e5 Nd5 4. d4 e6 5. Nf3 Nc6 6. Bc4 Nb6 7. Bb3 cxd4 8. cxd4 Bb4+ 9. Nc3 Na5 10. O-O Nxb3
11. axb3 d5 12. Qc2 Bd7 13. Bd2 a6 14. Na4 Rc8 15. Qd1 Bxd2 16. Qxd2 O-O 17. Rfc1 Nxa4 18. bxa4 Qb6 19. Rxc8 Rxc8 20. a5 Qc6
21. Ne1 Qc4 22. Qd3 Qxd3 23. Nxd3 Rc2 24. b4 Bb5 25. Nc5 Bc6 26. h3 Rc4
0-1

[Event "Fall tournament"]
[Site "SchemingMind.com"]
[Date "2014.10.02"]
[Round "-"]
[White "mmccaffe"]
[Black "Marc Wakeham"]
[Result "1-0"]
[WhiteCountry "USA"]
[BlackCountry "WLS"]
[WhiteElo "1695"]
[WhiteRD "64"]
[BlackElo "1534"]
[BlackRD "61"]
[GameID "366320"]

1. e4 d6 2. d4 Nf6 3. Nc3 g6 4. Nf3 Bg7 5. h3 O-O 6. Be3 Bd7 7. Bd3 a6 8. O-O b5 9. Qd2 c6 10. Rae1 c5
11. dxc5 dxc5 12. Bxc5 Re8 13. e5 Nh5 14. g4 Nf4 15. Qxf4 Nc6 16. Ng5 Rf8 17. Qe3 Be8 18. e6 f6 19. Nf7 Bxf7 20. exf7+ Rxf7
21. a4 Ne5 22. f4 Nxd3 23. cxd3 Rc8 24. Bxe7 Qe8 25. Bb4 Qxe3+ 26. Rxe3 Bf8 27. Bxf8 Rfxf8 28. Rfe1 Rfd8 29. axb5 axb5 30. Nxb5 Rb8
31. Nc7 Rxb2 32. Re8+ Rxe8 33. Nxe8 Kf7 34. Nd6+ Kf8 35. Re6 Kg7 36. Ne4 f5 37. Nf6 Rd2 38. Rd6 h6 39. gxf5 gxf5 40. Nh5+ Kh7
41. Ng3
1-0